Welcome to WEB OPAC of MRSPTU Central Library

Non-conventional energy resources (Record no. 6249)

MARC details
000 -LEADER
fixed length control field 00445nam a2200169Ia 4500
008 - FIXED-LENGTH DATA ELEMENTS--GENERAL INFORMATION
fixed length control field 230711s9999||||xx |||||||||||||| ||und||
020 ## - INTERNATIONAL STANDARD BOOK NUMBER
International Standard Book Number 978-93-5260-188-2
041 ## - LANGUAGE CODE
Language code of text/sound track or separate title ENG
082 ## - DEWEY DECIMAL CLASSIFICATION NUMBER
Classification number 621.4
Item number KH-N
100 ## - MAIN ENTRY--PERSONAL NAME
Personal name Khan,B H
245 #0 - TITLE STATEMENT
Title Non-conventional energy resources
250 ## - EDITION STATEMENT
Edition statement 3rd Ed.
260 ## - PUBLICATION, DISTRIBUTION, ETC.
Date of publication, distribution, etc. 2017
Place of publication, distribution, etc. New Delhi
Name of publisher, distributor, etc. McGraw Hill Education(India) Private Limited
300 ## - PHYSICAL DESCRIPTION
Extent 600p.
650 ## - SUBJECT ADDED ENTRY--TOPICAL TERM
Topical term or geographic name entry element Electrical Engineering
942 ## - ADDED ENTRY ELEMENTS (KOHA)
Koha item type Book
Holdings
Withdrawn status Lost status Damaged status Not for loan Collection Home library Current library Date acquired Cost, normal purchase price Inventory number Total checkouts Full call number Barcode Date last seen Price effective from Koha item type Date due Date last checked out
          MRSPTU Central Library MRSPTU Central Library   450.00 KBD/2016-2017/961142808   621.4 KH-N 35340 08/17/2023 08/17/2023 Book    
          MRSPTU Central Library MRSPTU Central Library   450.00 KBD/2016-2017/961142808   621.4 KH-N 35341 08/17/2023 08/17/2023 Book    
          MRSPTU Central Library MRSPTU Central Library   450.00 KBD/2016-2017/961142808 5 621.4 KH-N 35342 04/07/2026 08/17/2023 Book 04/28/2026 04/07/2026
          MRSPTU Central Library MRSPTU Central Library   450.00 KBD/2016-2017/961142808 3 621.4 KH-N 35343 02/20/2026 08/17/2023 Book 03/13/2026 02/20/2026
          MRSPTU Central Library MRSPTU Central Library   450.00 KBD/2016-2017/961142808   621.4 KH-N 35344 08/17/2023 08/17/2023 Book    

Website Designed and Developed by MRSPTU Central Library Team

E-mail Id: librarian@mrsptu.ac.in